000 00410nam a22001697a 4500
003 BD-DhUIB
005 20251018193436.0
008 251018b |||||||| |||| 00| 0 eng d
040 _aBD-DhUIB
_cBD-DhUIB
050 _a657.48
082 _222
100 _aElliott, Barry.
_91024
245 _aFinancial accounting and reporting/
_cby Barry, Elliot.
250 _a14th ed.
526 _aBBA.
942 _2ddc
_cBK
999 _c572
_d572